[Event "SVK-chT1E 2223"]
[Site "Slovakia"]
[Date "2023.03.12"]
[Round "11.2"]
[White "Zavadsky, Peter"]
[Black "Zvarik, Martin"]
[Result "1/2-1/2"]
[WhiteElo "1943"]
[BlackElo "2167"]
[PlyCount "83"]
[EventDate "2022.10.15"]
[EventType "team-tourn"]
[EventRounds "11"]
[EventCountry "SVK"]
[SourceTitle "EXT 2024"]
[Source "ChessBase"]
[SourceDate "2023.10.10"]
[SourceVersion "1"]
[SourceVersionDate "2023.10.10"]
[SourceQuality "1"]
[WhiteTeam "Kosice Slavia TU"]
[BlackTeam "Zilina Mladost II"]
[WhiteTeamCountry "SVK"]
[BlackTeamCountry "SVK"]

1. c4 Nf6 2. Nf3 d6 3. d4 Bg4 4. g3 Bxf3 5. exf3 c6 6. Bg2 e6 7. 0-0 Be7 8. Re1 0-0 9. b3 d5 10. Bb2 Nbd7 11. a3 Ne8 12. Nd2 Bf6 13. Qc2 Nd6 14. Rad1 Rc8 15. c5 Nb5 16. Nf1 g6 17. a4 Nc7 18. Ne3 Bg7 19. f4 Re8 20. Ng4 f6 21. f3 Re7 22. Re3 Qf8 23. Rde1 Rce8 24. b4 Qf7 25. Bf1 h5 26. Nf2 e5 27. dxe5 fxe5 28. Bd3 exf4 29. Bxg6 fxe3 30. Bxf7+ Rxf7 31. Nh3 Bxb2 32. Qxb2 Ne5 33. Ng5 Nxf3+ 34. Nxf3 Rxf3 35. Qe2 Rf5 36. Qd3 Rfe5 37. Qg6+ Kh8 38. Qh6+ Kg8 39. Qg6+ Kh8 40. Qf6+ Kg8 41. Qg6+ Kh8 42. Qh6+ 1/2-1/2

[Event "SVK-chT1E 2223"]
[Site "Slovakia"]
[Date "2023.02.04"]
[Round "8.2"]
[White "Zatko, Gregor"]
[Black "Zavadsky, Peter"]
[Result "1-0"]
[WhiteElo "2083"]
[BlackElo "1943"]
[PlyCount "55"]
[EventDate "2022.10.15"]
[EventType "team-tourn"]
[EventRounds "11"]
[EventCountry "SVK"]
[SourceTitle "EXT 2024"]
[Source "ChessBase"]
[SourceDate "2023.10.10"]
[SourceVersion "1"]
[SourceVersionDate "2023.10.10"]
[SourceQuality "1"]
[WhiteTeam "Banska Bystrica Junior"]
[BlackTeam "Kosice Slavia TU"]
[WhiteTeamCountry "SVK"]
[BlackTeamCountry "SVK"]

1. e4 c5 2. Nc3 d6 3. Nf3 Nf6 4. d4 cxd4 5. Nxd4 Nc6 6. Be2 e5 7. Nb3 Be7 8. 0-0 0-0 9. Be3 a5 10. Qd2 a4 11. Nc1 Be6 12. Rd1 a3 13. b3 Nb4 14. Bf3 Qc8 15. N1e2 Ra6 16. Nd5 Bxd5 17. Qxb4 Bc6 18. Ng3 Re8 19. Qd2 b5 20. Bg5 Bd7 21. Be2 h6 22. Bxf6 Bxf6 23. c4 Qc5 24. b4 Qd4 25. Qe1 Qb2 26. Rab1 Qc2 27. Rdc1 Qa4 28. Bd1 1-0

[Event "SVK-chT2D 2223"]
[Site "Slovakia"]
[Date "2022.11.27"]
[Round "6.5"]
[White "Zavadsky, Peter"]
[Black "Miko, Erich"]
[Result "1-0"]
[WhiteElo "1952"]
[BlackElo "1722"]
[PlyCount "59"]
[EventDate "2022.10.08"]
[EventType "team-tourn"]
[EventRounds "11"]
[EventCountry "SVK"]
[SourceTitle "EXT 2024"]
[Source "ChessBase"]
[SourceDate "2023.10.10"]
[SourceVersion "1"]
[SourceVersionDate "2023.10.10"]
[SourceQuality "1"]
[WhiteTeam "Kosice Slavia UPJS III"]
[BlackTeam "Moldava nad Bodvou"]
[WhiteTeamCountry "SVK"]
[BlackTeamCountry "SVK"]

1. c4 Nf6 2. Nf3 c5 3. d4 cxd4 4. Nxd4 e6 5. Nc3 Nc6 6. g3 Bb4 7. Bg2 Bxc3+ 8. bxc3 0-0 9. 0-0 d5 10. Ba3 Re8 11. Nb5 Qd7 12. Qc2 a6 13. Nd6 Rd8 14. Rfd1 Ne7 15. e4 Ne8 16. Nxe8 Qxe8 17. cxd5 exd5 18. exd5 Bf5 19. Qb3 Rd7 20. c4 Rc8 21. Rac1 Qd8 22. h3 h6 23. g4 Bg6 24. Re1 f6 25. Qe3 Kf7 26. c5 a5 27. c6 bxc6 28. dxc6 Rdc7 29. Qe6+ Kf8 30. Bd5 1-0

[Event "SVK-chT2D 1920"]
[Site "Slovakia"]
[Date "2019.11.17"]
[Round "4.5"]
[White "Zavadsky, Peter"]
[Black "Sabol, Jan"]
[Result "1/2-1/2"]
[WhiteElo "1928"]
[BlackElo "1876"]
[PlyCount "127"]
[EventDate "2019.10.26"]
[EventType "team-tourn"]
[EventRounds "11"]
[EventCountry "SVK"]
[SourceTitle "CBM 193 Extra"]
[Source "ChessBase"]
[SourceDate "2020.01.31"]
[SourceVersion "1"]
[SourceVersionDate "2020.01.31"]
[SourceQuality "1"]
[WhiteTeam "Kosice Slavia TU IV"]
[BlackTeam "Presov Slavia PU"]
[WhiteTeamCountry "SVK"]
[BlackTeamCountry "SVK"]

1. c4 Nf6 2. Nf3 c5 3. g3 Nc6 4. d4 cxd4 5. Nxd4 d5 6. Bg2 e6 7. cxd5 exd5 8. 0-0 Be7 9. Nc3 0-0 10. Bf4 a6 11. Qd2 Bb4 12. Rfd1 Bd7 13. Bg5 Be7 14. Rac1 h6 15. Bf4 Bb4 16. Nb3 Be6 17. a3 Bxc3 18. Rxc3 Qe7 19. Nd4 Rac8 20. Rdc1 Nxd4 21. Qxd4 Rc4 22. Qb6 Rxc3 23. Rxc3 Rc8 24. Rxc8+ Bxc8 25. Qc7 Qxc7 26. Bxc7 Be6 27. Bb6 Kf8 28. e3 Ke7 29. Bc5+ Ke8 30. Bd4 Ke7 31. Kf1 g6 32. Ke2 Ne4 33. b4 Kd7 34. f3 Nd6 35. Kd3 f5 36. a4 Bf7 37. h4 h5 38. Bf1 Kc6 39. Be2 Be6 40. Bd1 Nc4 41. Kc3 Bd7 42. Bc2 Nd6 43. Bb3 Be6 44. Kd3 Nc4 45. Kc3 Nd6 46. Bc2 Bf7 47. Bd3 Be8 48. Bc5 b5 49. a5 Nc4 50. e4 fxe4 51. fxe4 Nxa5 52. exd5+ Kxd5 53. Bf1 Nc4 54. Bg2+ Ke5 55. Bd4+ Ke6 56. Bh3+ Kf7 57. Bc5 Bc6 58. Bc8 a5 59. bxa5 Nxa5 60. Kb4 Nc4 61. Bd4 Nd6 62. Bh3 Ne4 63. Bg2 Ke6 64. Bxe4 1/2-1/2

[Event "San Francisco TNM Marathon op"]
[Site "San Francisco"]
[Date "2012.09.04"]
[Round "6"]
[White "Zavadsky, Peter"]
[Black "Chamberlain, Ethan J"]
[Result "1-0"]
[WhiteElo "2307"]
[BlackElo "1972"]
[PlyCount "57"]
[EventDate "2012.07.31"]
[EventType "swiss"]
[EventRounds "9"]
[EventCountry "USA"]
[SourceTitle "EXT 2014"]
[Source "ChessBase"]
[SourceDate "2013.11.20"]
[SourceVersion "1"]
[SourceVersionDate "2013.11.20"]
[SourceQuality "1"]

1. d4 Nf6 2. c4 g6 3. Nc3 d5 4. cxd5 Nxd5 5. Bd2 Bg7 6. e4 Nb6 7. Be3 0-0 8. Nf3 Nc6 9. Be2 Bg4 10. d5 Bxf3 11. gxf3 Nb8 12. a4 c6 13. a5 N6d7 14. Qb3 Bxc3+ 15. bxc3 Qc7 16. c4 e6 17. dxe6 fxe6 18. c5 Qe5 19. 0-0 Na6 20. Bxa6 bxa6 21. Rfd1 Rab8 22. Qc4 Rb5 23. f4 Qf6 24. e5 Qe7 25. Rd6 Nb8 26. Kh1 Re8 27. f5 gxf5 28. Rg1+ Kh8 29. Bg5 1-0

[Event "San Francisco TNM Marathon op"]
[Site "San Francisco"]
[Date "2012.08.21"]
[Round "4"]
[White "Zavadsky, Peter"]
[Black "Sherwood, Peter"]
[Result "1-0"]
[WhiteElo "2307"]
[BlackElo "1784"]
[PlyCount "111"]
[EventDate "2012.07.31"]
[EventType "swiss"]
[EventRounds "9"]
[EventCountry "USA"]
[SourceTitle "EXT 2014"]
[Source "ChessBase"]
[SourceDate "2013.11.20"]
[SourceVersion "1"]
[SourceVersionDate "2013.11.20"]
[SourceQuality "1"]

1. d4 d5 2. c4 dxc4 3. Nf3 Nf6 4. e3 e6 5. Bxc4 c5 6. 0-0 Nc6 7. Nc3 Be7 8. Qe2 0-0 9. Rd1 cxd4 10. exd4 a6 11. Bg5 b5 12. Bb3 Nd5 13. Bxd5 exd5 14. Bxe7 Qxe7 15. Qxe7 Nxe7 16. Re1 Ra7 17. Re3 Rd8 18. Rae1 Kf8 19. Ne5 Be6 20. h3 Nf5 21. Rd3 Rc7 22. a3 Nd6 23. Rf3 Ne4 24. Nd3 Re8 25. Nf4 Nf6 26. Rfe3 Rce7 27. h4 h6 28. h5 Kg8 29. f3 Kf8 30. Kf2 Kg8 31. R1e2 Kf8 32. Ke1 Bc8 33. Rxe7 Rxe7 34. Rxe7 Kxe7 35. Ncxd5+ Nxd5 36. Nxd5+ Kd6 37. Nc3 f5 38. Kd2 Bd7 39. Ne2 Kd5 40. Kd3 a5 41. Nf4+ Kd6 42. Kc3 Bc6 43. b4 a4 44. Kd3 Bb7 45. Ne2 Bc6 46. Nc3 Ke6 47. Ke3 Kd6 48. Kf4 Ke6 49. d5+ Bxd5 50. Nxb5 Bc4 51. Nd4+ Kf6 52. Nxf5 Bf1 53. g4 Bd3 54. Nd4 Ke7 55. Ke5 Kd7 56. Nf5 1-0

[Event "San Francisco TNM Summer op"]
[Site "San Francisco"]
[Date "2012.07.03"]
[Round "7"]
[White "Zavadsky, Peter"]
[Black "Wong, Russell"]
[Result "1-0"]
[WhiteElo "2307"]
[BlackElo "2221"]
[PlyCount "59"]
[EventDate "2012.05.22"]
[EventType "swiss"]
[EventRounds "8"]
[EventCountry "USA"]
[SourceTitle "EXT 2014"]
[Source "ChessBase"]
[SourceDate "2013.11.20"]
[SourceVersion "1"]
[SourceVersionDate "2013.11.20"]
[SourceQuality "1"]

1. e4 Nf6 2. e5 Nd5 3. d4 d6 4. c4 Nb6 5. f4 dxe5 6. fxe5 Nc6 7. Be3 Bf5 8. Nc3 e6 9. Nf3 Be7 10. Be2 f6 11. exf6 Bxf6 12. 0-0 0-0 13. Qd2 Qe7 14. Rad1 Rad8 15. Qc1 Rd7 16. d5 Bxc3 17. dxc6 Rxd1 18. Rxd1 Bf6 19. cxb7 c5 20. b4 cxb4 21. c5 Nd5 22. Rxd5 exd5 23. c6 Bc3 24. Bb5 Qc7 25. Bxa7 Qa5 26. Qe3 Qxb5 27. Qc5 Qxc5+ 28. Bxc5 b3 29. axb3 Ba5 30. Bxf8 1-0

[Event "American op 47th"]
[Site "Orange"]
[Date "2011.11.26"]
[Round "5"]
[White "Zavadsky, Peter"]
[Black "Amanov, Zhanibek"]
[Result "1/2-1/2"]
[WhiteElo "2283"]
[BlackElo "2411"]
[PlyCount "84"]
[EventDate "2011.11.24"]
[EventType "swiss"]
[EventRounds "8"]
[EventCountry "USA"]
[SourceTitle "CBM 145 Extra"]
[Source "ChessBase"]
[SourceDate "2012.01.03"]
[SourceVersion "1"]
[SourceVersionDate "2012.01.03"]
[SourceQuality "1"]

1. e4 c5 2. Nf3 Nc6 3. d4 cxd4 4. Nxd4 g6 5. c4 Nf6 6. Nc3 d6 7. Be2 Nxd4 8. Qxd4 Bg7 9. Bg5 0-0 10. Qd2 a5 11. 0-0 a4 12. Rab1 Be6 13. Rfd1 Nd7 14. Nd5 Re8 15. b4 axb3 16. axb3 Nc5 17. Bf3 Nd7 18. b4 Bxd5 19. exd5 Ra3 20. Be2 Qa8 21. Bf1 Qa4 22. Rdc1 Ra2 23. Qd1 Qxd1 24. Rxd1 Nf6 25. Re1 h6 26. Be3 Ng4 27. Bb6 Kf8 28. h3 Ne5 29. Be3 g5 30. Re2 Ra3 31. Rc2 Rc8 32. c5 f5 33. c6 bxc6 34. dxc6 Rxc6 35. Rxc6 Nxc6 36. b5 Na5 37. b6 f4 38. Bc1 Ra2 39. Bc4 Rc2 40. Bd3 Ra2 41. Bc4 Rc2 42. Bd3 Ra2 1/2-1/2

[Event "American op 47th"]
[Site "Orange"]
[Date "2011.11.25"]
[Round "4"]
[White "Kavutskiy, Konstantin"]
[Black "Zavadsky, Peter"]
[Result "1/2-1/2"]
[WhiteElo "2303"]
[BlackElo "2283"]
[PlyCount "92"]
[EventDate "2011.11.24"]
[EventType "swiss"]
[EventRounds "8"]
[EventCountry "USA"]
[SourceTitle "CBM 145 Extra"]
[Source "ChessBase"]
[SourceDate "2012.01.03"]
[SourceVersion "1"]
[SourceVersionDate "2012.01.03"]
[SourceQuality "1"]

1. d4 d5 2. c4 e6 3. Nf3 Nf6 4. g3 Be7 5. Bg2 0-0 6. 0-0 c6 7. Qc2 b6 8. Nbd2 Bb7 9. e4 Nbd7 10. e5 Ne8 11. Re1 Nc7 12. cxd5 exd5 13. Nf1 Ne6 14. Ne3 g6 15. Ng4 c5 16. Bh6 Re8 17. Qd2 cxd4 18. Nxd4 Ndc5 19. Nxe6 fxe6 20. h4 Rc8 21. Bg5 Rf8 22. Bf6 Bxf6 23. Nxf6+ Kg7 24. h5 Nd7 25. h6+ Kh8 26. Nxd5 Nc5 27. b4 Na4 28. Qd1 Bxd5 29. Qxa4 Bxg2 30. Kxg2 Qd5+ 31. Kg1 Qd4 32. Rf1 Rc3 33. Kg2 Qe4+ 34. Kg1 Qd4 35. Kg2 Qg4 36. Kg1 Rxg3+ 37. fxg3 Qxg3+ 38. Kh1 Qh4+ 39. Kg1 Qg5+ 40. Kh1 Qxh6+ 41. Kg1 Qg5+ 42. Kh1 Qh4+ 43. Kg1 Qd4+ 44. Kh1 Qh4+ 45. Kg1 Qg4+ 46. Kh1 Qh3+ 1/2-1/2

[Event "American op 47th"]
[Site "Orange"]
[Date "2011.11.24"]
[Round "2"]
[White "Peters, Jack"]
[Black "Zavadsky, Peter"]
[Result "1-0"]
[WhiteElo "2360"]
[BlackElo "2283"]
[PlyCount "73"]
[EventDate "2011.11.24"]
[EventType "swiss"]
[EventRounds "8"]
[EventCountry "USA"]
[SourceTitle "CBM 145 Extra"]
[Source "ChessBase"]
[SourceDate "2012.01.03"]
[SourceVersion "1"]
[SourceVersionDate "2012.01.03"]
[SourceQuality "1"]

1. e4 e5 2. Nf3 Nc6 3. Bb5 a6 4. Ba4 Nf6 5. 0-0 Be7 6. Re1 b5 7. Bb3 0-0 8. c3 d6 9. h3 Nb8 10. d4 Nbd7 11. c4 Bb7 12. Nc3 c6 13. a3 Qc7 14. Bg5 h6 15. Bh4 Rfe8 16. Rc1 Qb8 17. Ba2 Bd8 18. Rc2 exd4 19. Nxd4 c5 20. Nf5 b4 21. Nxd6 bxc3 22. Nxe8 Nxe8 23. Bxd8 Qxd8 24. Rxc3 Qc7 25. f4 Nef6 26. e5 Ne4 27. Rd3 Nf8 28. Bb1 f5 29. Qh5 Qc6 30. Qxf5 Nd6 31. Qg4 Nf5 32. Rd2 Nd4 33. f5 Rd8 34. Rf2 Nh7 35. f6 Ng5 36. h4 Nge6 37. Qg6 1-0

[Event "San Francisco TNM Summer op"]
[Site "San Francisco"]
[Date "2011.06.07"]
[Round "3"]
[White "Dembling, Arthur"]
[Black "Zavadsky, Peter"]
[Result "0-1"]
[WhiteElo "1810"]
[BlackElo "2293"]
[PlyCount "56"]
[EventDate "2011.05.24"]
[EventType "swiss"]
[EventRounds "8"]
[EventCountry "USA"]
[SourceTitle "EXT 2016"]
[Source "ChessBase"]
[SourceDate "2015.10.08"]
[SourceVersion "1"]
[SourceVersionDate "2015.10.08"]
[SourceQuality "1"]

1. e4 g6 2. d4 Bg7 3. Nc3 c5 4. Nf3 cxd4 5. Nxd4 Nc6 6. Be3 d6 7. Qd2 Nf6 8. f3 0-0 9. 0-0-0 Bd7 10. g4 Rc8 11. g5 Nh5 12. h4 a6 13. Bh3 Ne5 14. Bxd7 Qxd7 15. Nd5 Nc4 16. Qf2 e6 17. Nf4 Nxf4 18. Bxf4 e5 19. Bxe5 Bxe5 20. f4 Bg7 21. h5 Rfe8 22. hxg6 fxg6 23. e5 dxe5 24. Nf3 Qf5 25. Qh2 Qxf4+ 26. Qxf4 exf4 27. c3 Re2 28. Nd2 Nxb2 0-1

[Event "San Francisco TNM Winter op"]
[Site "San Francisco"]
[Date "2011.02.15"]
[Round "7"]
[White "Shipman, Walter"]
[Black "Zavadsky, Peter"]
[Result "1-0"]
[WhiteElo "2200"]
[BlackElo "2295"]
[PlyCount "125"]
[EventDate "2011.01.04"]
[EventType "swiss"]
[EventRounds "8"]
[EventCountry "USA"]
[SourceTitle "EXT 2012"]
[Source "ChessBase"]
[SourceDate "2011.11.24"]
[SourceVersion "1"]
[SourceVersionDate "2011.11.24"]
[SourceQuality "1"]

1. d4 Nf6 2. Nc3 g6 3. e4 d6 4. g3 Bg7 5. Bg2 0-0 6. Nge2 c6 7. a4 e5 8. 0-0 Na6 9. h3 Be6 10. Be3 Qe7 11. f4 Bc4 12. dxe5 dxe5 13. f5 gxf5 14. Rxf5 Nd7 15. g4 Be6 16. Rf2 h5 17. Ng3 hxg4 18. hxg4 Qh4 19. Nf5 Bxf5 20. Rxf5 Ndc5 21. Qf3 Ne6 22. Rh5 Qf6 23. Rf5 Qe7 24. Ne2 Nb4 25. Rc1 c5 26. Rh5 Nc6 27. Qf5 f6 28. Rf1 Rf7 29. Qh7+ Kf8 30. Bh6 Ke8 31. Ng3 Bxh6 32. Qxh6 c4 33. Qe3 Kd7 34. Rd1+ Kc7 35. Bf1 Rg8 36. Nf5 Rxg4+ 37. Kh2 Qc5 38. Qxc5 Nxc5 39. Bxc4 Rf8 40. Rh7+ Kb8 41. Bd5 Rd8 42. Re1 Nb4 43. Re2 Nxd5 44. exd5 Rxd5 45. Ne3 Rdd4 46. Nxg4 Rxg4 47. Rg2 Rxg2+ 48. Kxg2 Nxa4 49. b3 Nc3 50. Rf7 Nd5 51. c4 Nb4 52. Rxf6 Nc6 53. Kf3 Na5 54. Ke4 Nxb3 55. Kxe5 b6 56. Kd5 Na5 57. c5 bxc5 58. Kxc5 Nb3+ 59. Kb5 Kc7 60. Rf4 Nd2 61. Kb4 Nb1 62. Kb3 Nd2+ 63. Kc2 1-0

[Event "San Francisco TNM Winter op"]
[Site "San Francisco"]
[Date "2011.02.08"]
[Round "6"]
[White "Zavadsky, Peter"]
[Black "Krasnov, Steven Lender"]
[Result "1-0"]
[WhiteElo "2295"]
[BlackElo "1964"]
[PlyCount "59"]
[EventDate "2011.01.04"]
[EventType "swiss"]
[EventRounds "8"]
[EventCountry "USA"]
[SourceTitle "EXT 2012"]
[Source "ChessBase"]
[SourceDate "2011.11.24"]
[SourceVersion "1"]
[SourceVersionDate "2011.11.24"]
[SourceQuality "1"]

1. d4 Nf6 2. c4 e6 3. g3 b6 4. Bg2 d5 5. Nf3 Bb4+ 6. Nc3 0-0 7. Bg5 Bb7 8. cxd5 Bxd5 9. 0-0 Bb7 10. Rc1 Nbd7 11. Qb3 Be7 12. Rfd1 h6 13. Bf4 a6 14. Qc2 b5 15. a3 Rc8 16. Ne5 Bxg2 17. Kxg2 c6 18. Ne4 Nxe5 19. Nxf6+ gxf6 20. dxe5 Qb6 21. Bxh6 Rfd8 22. Qe4 f5 23. Qf4 c5 24. Bg5 Qb7+ 25. f3 c4 26. Bf6 Bxf6 27. exf6 Rd5 28. Qg5+ Kf8 29. Qg7+ Ke8 30. Qg8+ 1-0

[Event "San Francisco TNM Winter op"]
[Site "San Francisco"]
[Date "2011.01.11"]
[Round "2"]
[White "Zavadsky, Peter"]
[Black "Ramachandran, Jayakrishnan"]
[Result "1-0"]
[WhiteElo "2295"]
[BlackElo "1913"]
[PlyCount "115"]
[EventDate "2011.01.04"]
[EventType "swiss"]
[EventRounds "8"]
[EventCountry "USA"]
[SourceTitle "EXT 2012"]
[Source "ChessBase"]
[SourceDate "2011.11.24"]
[SourceVersion "1"]
[SourceVersionDate "2011.11.24"]
[SourceQuality "1"]

1. d4 Nf6 2. c4 e6 3. g3 d5 4. Bg2 Nbd7 5. Nf3 g6 6. 0-0 Bg7 7. Bg5 h6 8. Bf4 0-0 9. Qc1 Kh7 10. Ne5 c6 11. Rd1 Nh5 12. Nxd7 Bxd7 13. Bd6 Re8 14. c5 Bf8 15. Bxf8 Rxf8 16. Nc3 f5 17. e3 Qc7 18. Qc2 Nf6 19. f4 Be8 20. b4 g5 21. a4 Bh5 22. Rf1 a6 23. b5 a5 24. Rab1 Rfb8 25. Rb2 Bg6 26. Rfb1 Nd7 27. Nd1 g4 28. Nf2 h5 29. h4 Kg7 30. Bf1 Be8 31. Nd3 Qd8 32. Rb3 Nf6 33. Ne5 Nd7 34. Nd3 Nf6 35. R1b2 cxb5 36. axb5 b6 37. Ne5 Rc8 38. c6 Ra7 39. Bd3 Qd6 40. Rc3 Rcc7 41. Kg2 Nh7 42. Qa4 Nf8 43. Rf2 Ng6 44. Qc2 Ne7 45. Kh2 Ng6 46. Bxf5 exf5 47. Qxf5 Nh8 48. Qc2 Ng6 49. e4 Nxe5 50. fxe5 Qd8 51. Rf6 dxe4 52. Qxe4 Bf7 53. Rd6 Qh8 54. e6 Bg6 55. Qe5+ Kh7 56. Rd7+ Rxd7 57. Qxh8+ Kxh8 58. cxd7 1-0

[Event "San Francisco TNM Fall op"]
[Site "San Francisco"]
[Date "2010.11.02"]
[Round "3"]
[White "Zavadsky, Peter"]
[Black "Rumph, Todd"]
[Result "1-0"]
[WhiteElo "2290"]
[BlackElo "2051"]
[PlyCount "57"]
[EventDate "2010.10.20"]
[EventType "swiss"]
[EventRounds "9"]
[EventCountry "USA"]
[SourceTitle "EXT 2012"]
[Source "ChessBase"]
[SourceDate "2011.11.24"]
[SourceVersion "1"]
[SourceVersionDate "2011.11.24"]
[SourceQuality "1"]

1. d4 d5 2. c4 dxc4 3. Nf3 Nf6 4. e3 e6 5. Bxc4 c5 6. 0-0 a6 7. Qe2 b5 8. Bb3 Bb7 9. Rd1 Qb6 10. Nc3 Be7 11. e4 cxd4 12. Nxd4 Nc6 13. Nxc6 Qxc6 14. f3 0-0 15. Be3 Bc5 16. Rac1 Qb6 17. Kf2 Rac8 18. Bxc5 Qxc5+ 19. Qe3 Qe5 20. Kg1 b4 21. Na4 Nd5 22. Bxd5 Bxd5 23. Nb6 Rxc1 24. Rxc1 Bxa2 25. Nd7 Qxb2 26. Nxf8 Kxf8 27. Rc8+ Ke7 28. Qg5+ Qf6 29. Qc5+ 1-0

[Event "San Francisco TNM Peter Grey op"]
[Site "San Francisco"]
[Date "2010.09.28"]
[Round "9"]
[White "Rumph, Todd"]
[Black "Zavadsky, Peter"]
[Result "1-0"]
[WhiteElo "2013"]
[BlackElo "2251"]
[PlyCount "101"]
[EventDate "2010.08.03"]
[EventType "swiss"]
[EventRounds "9"]
[EventCountry "USA"]
[SourceTitle "EXT 2012"]
[Source "ChessBase"]
[SourceDate "2011.11.24"]
[SourceVersion "1"]
[SourceVersionDate "2011.11.24"]
[SourceQuality "1"]

1. c4 e5 2. g3 Nf6 3. Bg2 Nc6 4. Nc3 Bc5 5. Nf3 0-0 6. 0-0 d6 7. d3 Bg4 8. h3 Bf5 9. a3 a5 10. b3 e4 11. Nh4 Be6 12. dxe4 Nd7 13. e3 Ne7 14. Bb2 c6 15. Na4 Qc7 16. Nxc5 Nxc5 17. Qc2 Qb6 18. Nf5 Bxf5 19. exf5 f6 20. Rab1 Qxb3 21. Qxb3 Nxb3 22. Bxf6 gxf6 23. Rxb3 Rab8 24. Rfb1 b5 25. cxb5 c5 26. Rd3 Rb6 27. g4 a4 28. Rbd1 Rd8 29. Bc6 Nxc6 30. Rxd6 Rc8 31. bxc6 Rbxc6 32. Rxc6 Rxc6 33. Kf1 Kg7 34. Ke2 h5 35. f4 Rb6 36. g5 Rb3 37. Rd3 Rb2+ 38. Kf3 Rb3 39. Rd7+ Kg8 40. Rc7 Rxa3 41. Rxc5 Ra1 42. Ra5 a3 43. Kg3 a2 44. Kh4 Re1 45. Rxa2 Rxe3 46. Kxh5 fxg5 47. fxg5 Kf7 48. Ra7+ Kf8 49. Kg6 Rxh3 50. Ra8+ Ke7 51. f6+ 1-0

[Event "San Francisco TNM Peter Grey op"]
[Site "San Francisco"]
[Date "2010.09.21"]
[Round "8"]
[White "Lee, Andy C"]
[Black "Zavadsky, Peter"]
[Result "0-1"]
[WhiteElo "2324"]
[BlackElo "2251"]
[PlyCount "98"]
[EventDate "2010.08.03"]
[EventType "swiss"]
[EventRounds "9"]
[EventCountry "USA"]
[SourceTitle "EXT 2012"]
[Source "ChessBase"]
[SourceDate "2011.11.24"]
[SourceVersion "1"]
[SourceVersionDate "2011.11.24"]
[SourceQuality "1"]

1. e4 e5 2. Nf3 Nc6 3. Bb5 a6 4. Ba4 Nf6 5. 0-0 Be7 6. Re1 b5 7. Bb3 0-0 8. h3 Bb7 9. d3 d6 10. a3 Na5 11. Ba2 c5 12. Nc3 b4 13. Nd5 bxa3 14. Nxe7+ Qxe7 15. bxa3 Bc8 16. Bg5 Be6 17. Bd5 Rab8 18. Qd2 Rb5 19. Re3 Bxd5 20. exd5 c4 21. Nd4 Rxd5 22. Nf5 Qe6 23. Nxg7 Kxg7 24. Bh6+ Kh8 25. Bxf8 Nd7 26. Rg3 Nxf8 27. Qg5 Ng6 28. Re1 cxd3 29. cxd3 Nc6 30. Re4 Rd4 31. h4 Rxe4 32. dxe4 Nd4 33. Kh2 Qe7 34. Rc3 Kg7 35. Rc8 Qb7 36. Re8 Qxe4 37. h5 h6 38. Qe3 Qh4+ 39. Qh3 Qxh3+ 40. gxh3 Nf4 41. Ra8 Nde2 42. Rxa6 d5 43. a4 d4 44. Rd6 d3 45. a5 Nd4 46. Rb6 Nd5 47. Rb1 Nc3 48. Rg1+ Kf6 49. a6 Ndb5 0-1

[Event "San Francisco TNM Spring op"]
[Site "San Francisco"]
[Date "2010.03.30"]
[Round "3"]
[White "Zavadsky, Peter"]
[Black "Manvelyan, Hayk"]
[Result "1-0"]
[WhiteElo "2258"]
[BlackElo "2094"]
[PlyCount "97"]
[EventDate "2010.03.16"]
[EventType "swiss"]
[EventRounds "8"]
[EventCountry "USA"]
[SourceTitle "EXT 2012"]
[Source "ChessBase"]
[SourceDate "2011.11.24"]
[SourceVersion "1"]
[SourceVersionDate "2011.11.24"]
[SourceQuality "1"]

1. d4 e6 2. e4 d5 3. Nc3 Bb4 4. e5 c5 5. a3 Bxc3+ 6. bxc3 Ne7 7. Nf3 Qa5 8. Qd2 Nbc6 9. Rb1 c4 10. Be2 0-0 11. 0-0 b6 12. Bb2 Qa4 13. Rbe1 Bd7 14. Bd1 a5 15. Bc1 Na7 16. Qg5 Ng6 17. h4 h6 18. Qh5 Kh7 19. Re3 Be8 20. Ng5+ Kg8 21. Nh3 Qd7 22. Rg3 Kh7 23. Ng5+ Kg8 24. Nf3 f5 25. exf6 Rxf6 26. Qg4 Kh7 27. h5 Nf8 28. Ne5 Qe7 29. a4 Rf5 30. Ba3 Qf6 31. Qh3 Bxa4 32. Bg4 Bxc2 33. Bxf5+ Bxf5 34. Qh2 Nb5 35. Bxf8 Qxf8 36. Rf3 Qa3 37. Qg3 Nd6 38. Rxf5 exf5 39. Qg6+ Kh8 40. Qxd6 Qxc3 41. Qxd5 Rg8 42. Ng6+ Kh7 43. Qxf5 Rd8 44. Ne5+ Kg8 45. Qe6+ Kh7 46. Qxb6 Rxd4 47. Qg6+ Kg8 48. Qe8+ Kh7 49. Ng6 1-0

[Event "San Francisco TNM Spring op"]
[Site "San Francisco"]
[Date "2010.03.23"]
[Round "2"]
[White "Manvelyan, Hovik"]
[Black "Zavadsky, Peter"]
[Result "0-1"]
[WhiteElo "1959"]
[BlackElo "2258"]
[PlyCount "84"]
[EventDate "2010.03.16"]
[EventType "swiss"]
[EventRounds "8"]
[EventCountry "USA"]
[SourceTitle "EXT 2012"]
[Source "ChessBase"]
[SourceDate "2011.11.24"]
[SourceVersion "1"]
[SourceVersionDate "2011.11.24"]
[SourceQuality "1"]

1. d4 Nf6 2. c4 e6 3. Nc3 Bb4 4. e3 c5 5. Bd3 d5 6. cxd5 exd5 7. Nge2 0-0 8. a3 Bxc3+ 9. bxc3 c4 10. Bc2 Bg4 11. f3 Bh5 12. Nf4 Bg6 13. Nxg6 hxg6 14. 0-0 Nbd7 15. e4 b5 16. Bg5 Qb6 17. exd5 Nxd5 18. Qd2 Qa5 19. Be4 N7b6 20. Qc2 Rae8 21. Bd2 Re6 22. Bxd5 Nxd5 23. a4 Re2 24. axb5 Qxb5 25. Rf2 Rfe8 26. Qa4 Qb2 27. Qa2 Qb8 28. Qxc4 Rxf2 29. Kxf2 Nf4 30. Re1 Rxe1 31. Bxe1 Qb2+ 32. Kg3 g5 33. Qc8+ Kh7 34. Qf5+ Kh6 35. Bf2 g6 36. Qe5 Kh7 37. Qe3 a5 38. c4 Qc2 39. c5 a4 40. h4 Qf5 41. Qe4 gxh4+ 42. Kh2 Qg5 0-1

[Event "San Francisco Smyslov Memorial"]
[Site "San Francisco"]
[Date "2010.??.??"]
[Round "3"]
[White "Ganbold, Odondoo"]
[Black "Zavadsky, Peter"]
[Result "0-1"]
[WhiteElo "2346"]
[BlackElo "2275"]
[PlyCount "78"]
[EventDate "2010.06.15"]
[EventType "tourn"]
[EventRounds "9"]
[EventCountry "USA"]
[EventCategory "3"]
[SourceTitle "EXT 2011"]
[Source "ChessBase"]
[SourceDate "2010.11.26"]
[SourceVersion "1"]
[SourceVersionDate "2010.11.26"]
[SourceQuality "1"]

1. e4 c5 2. Nf3 d6 3. c3 Nf6 4. Be2 Nc6 5. d4 cxd4 6. cxd4 d5 7. e5 Ne4 8. 0-0 Qb6 9. Na3 Bg4 10. h3 Bh5 11. Nc2 e6 12. Kh2 Be7 13. Ng1 Bxe2 14. Nxe2 h6 15. h4 Bxh4 16. f3 Nf2 17. Qd2 Qa6 18. Rxf2 Bxf2 19. g3 0-0 20. Kg2 Bxd4 21. Nexd4 Nxe5 22. Nb4 Qb6 23. b3 a5 24. Nbc2 Rfc8 25. f4 Ng4 26. Bb2 a4 27. Na3 axb3 28. axb3 Nf6 29. Qe2 Ne4 30. Ndb5 Qc5 31. Rf1 Qb4 32. Rf3 Ra5 33. Re3 Rc5 34. Qg4 g6 35. Nd6 Rxa3 36. Qh4 Qd2+ 37. Kh3 Qxb2 38. Qd8+ Kh7 39. Ne8 Ra2 0-1